00433nam a22001577a 4500003001100000005001700011008004100028020001500069040003900084041000800123082001700131100001900148245004900167260004100216650001800257LK-CoMWRAF20230928055751.0230928b |||||||| |||| 00| 0 eng d a9780651398 aLK-CoMWRAFdLK-CoMWRAFeLK-CoMWRAF aeng a297.122bFAT aFatoohi, Louay aJihad in the Qur'an :bThe truth from source aKuala Lumpur :bA. S. Noordeenc2002 aQur'an--Jihad